Mongoose, R.I.P. : a Blackford Oakes novel /

Bibliographic Details
Main Author: Buckley, William F., Jr., 1925-2008
Format: Book
Language:English
Published: New York : Random House, [1987]
Edition:1st ed.

MARC

Tag First Indicator Second Indicator Subfields
LEADER 00000cam a2200000 a 4500
001 in00000034369
005 20151007060704.0
008 870922s1987 nyu 00011 eng
010 |a  87028344  
020 |a 0394559312 :  |c $17.95 
035 |a (OCoLC)16830864 
035 |9 AAC1489AM 
040 |a DLC  |c DLC  |d TXA  |d UtOrBLW 
049 |a TXAM  |c [A11116756] 
050 0 0 |a PS3552.U344  |b M6 1987 
082 0 |a 813/.54  |2 19 
100 1 |a Buckley, William F.,  |c Jr.,  |d 1925-2008. 
245 1 0 |a Mongoose, R.I.P. :  |b a Blackford Oakes novel /  |c William F. Buckley, Jr. 
250 |a 1st ed. 
264 1 |a New York :  |b Random House,  |c [1987] 
264 4 |c ©1987 
300 |a 322 pages ;  |c 25 cm. 
336 |a text  |b txt  |2 rdacontent 
337 |a unmediated  |b n  |2 rdamedia 
338 |a volume  |b nc  |2 rdacarrier 
999 |a MARS 
999 f f |s 32f9f36f-f6d3-3713-ae34-4e7e7287f279  |i 8d0316d9-e550-3833-9ffb-15ccbbba7dd6  |t 0 
952 f f |p normal  |a Texas A&M University  |b College Station  |c Sterling C. Evans Library  |d Evans: Library Stacks  |t 0  |e PS3552.U344 M6 1987  |h Library of Congress classification  |i unmediated -- volume  |m A14811116756 
998 f f |a PS3552.U344 M6 1987  |t 0  |l Evans: Library Stacks